000 00957nam a2200241Ia 4500
003 OSt
005 20220923214600.0
006 a|||||r|||| 00| 0
007 ta
008 220922b |||||||| |||| 00| 0 hin d
024 _a171,048
037 _cTextual
040 _aARTS
_cARTS
_bhin
041 _2hin
_ahin
082 _aO152,3N:g(Y15), P1
100 _aमोहम्मद अजहर ढेरीवाला
_9162017
245 0 _aआधुनिक हिन्दी उपन्यासों में नारी के विविध रूपों का चित्रण
246 _aĀdhunik hindī upanyāsoan mean nārī ke vividh rūpoan kā chitraṇa
260 _aकानपुर
_b चिन्तन प्रकाशन
_c2001
300 _a272पृ.
_ccm.
942 _hO152,3N:g(Y15), P1
_cTEXL
_2CC
999 _c325279
_d325279